Industrial applications of microbiology (Record no. 751)

MARC details
000 -LEADER
fixed length control field 00908 a2200229 4500
008 - FIXED-LENGTH DATA ELEMENTS--GENERAL INFORMATION
fixed length control field 080820t xxu||||| |||| 00| 0 eng d
010 ## - LIBRARY OF CONGRESS CONTROL NUMBER
LC control number ENG-84926
020 ## - INTERNATIONAL STANDARD BOOK NUMBER
International Standard Book Number 8131300013
Terms of availability 595.00
035 ## - SYSTEM CONTROL NUMBER
System control number EN-68459
037 ## - SOURCE OF ACQUISITION
Source of stock number/acquisition D.B.Act / Pub
082 ## - DEWEY DECIMAL CLASSIFICATION NUMBER
Classification number 660.62
100 ## - MAIN ENTRY--PERSONAL NAME
Personal name Rajvaidya, Neelima
245 ## - TITLE STATEMENT
Title Industrial applications of microbiology
Statement of responsibility, etc by Neelima Rajvaidya and Dilip Kumar Markandey
260 ## - PUBLICATION, DISTRIBUTION, ETC. (IMPRINT)
Place of publication, distribution, etc New Delhi
Name of publisher, distributor, etc A P H Publishing
Date of publication, distribution, etc 2006.
270 ## - ADDRESS
Address 5, Ansari Road, Darya Ganj
City New Delhi
State or province Delhi
Postal code 110002
300 ## - PHYSICAL DESCRIPTION
Extent viii, 262 p.
Dimensions 22 cm. (Hb)
650 ## - SUBJECT ADDED ENTRY--TOPICAL TERM
Topical term or geographic name as entry element Microbiology
General subdivision Industrial applicatons
650 ## - SUBJECT ADDED ENTRY--TOPICAL TERM
Topical term or geographic name as entry element Industrial microbiology
700 ## - ADDED ENTRY--PERSONAL NAME
Personal name Markandey, Dilip Kumar
942 ## - ADDED ENTRY ELEMENTS (KOHA)
Institution code [OBSOLETE] dpl
Koha item type English Books
Call number prefix 660.62 / RAJ
Source of classification or shelving scheme Dewey Decimal Classification
Classification part 660.62
Call number suffix RAJ
Holdings
Withdrawn status Lost status Damaged status Not for loan Home library Current library Date acquired Cost, normal purchase price Total Checkouts Full call number Barcode Date last seen Copy number Uniform Resource Identifier Cost, replacement price Price effective from Koha item type
        D.B.Act.Division D.B.Act.Division 20/08/2008 595.00   660.62 RAJ EN-68459 15/09/2008 1 730 595.00 15/09/2008 English Books

© Delhi Public Library
Hit Counter
free hit counter